000 00372nam a2200145Ia 4500
008 230917s9999||||xx |||||||||||||| ||und||
040 _e195452
_aMAIN
041 _aEnglish
082 _a005.5 K96C
100 _aKumar, Archana
245 0 _aComputer basics with office automation
260 _aNew Delhi
_bI K International
_c2010
300 _ax, 324 p.
942 _cBK
999 _c163620
_d163620